| 000 | 00362cam a2200157ua 4500 | ||
|---|---|---|---|
| 041 |
_aeng _h |
||
| 082 |
_a633.18 _bGRI/RI |
||
| 100 | _aGrist, D.H . | ||
| 245 |
_aRice / _cD.H Grist. _hTextual Documents |
||
| 250 |
_a4 / _b. |
||
| 260 |
_a : _bBylowe & Brydone (Printers) Ltd , _c1968. |
||
| 300 | _a548 ; . | ||
| 504 | _a | ||
| 942 | _cBK | ||
| 999 |
_c344 _d344 |
||